|
|
|
|
| LEADER |
00000nam a2200000 a 4500 |
| 001 |
vtls001222644 |
| 003 |
SK-MaSNL |
| 005 |
20260301154556.0 |
| 008 |
251113s1996 DE 0 ger |
| 020 |
|
|
|a 3885571382
|c [569,00]
|
| 035 |
|
|
|a SNK000168328
|
| 040 |
|
|
|a SNK
|b slo
|c SNK
|e AACR2
|
| 043 |
|
|
|a e-yu
|
| 044 |
|
|
|a DE
|
| 080 |
|
|
|a 323.15(497.1=00)
|2 1981
|
| 100 |
1 |
|
|a Marko, Josef
|4 aut
|9 517656
|
| 245 |
1 |
4 |
|a Der Minderheitenschutz in den jugoslawischen Nachfolgestaaten
|b Slowenien, Kroatien und Mazedonien sowie die Bundesrepublik Jugoslawien mit Serbien und Montenegro
|c Joseph Marko
|
| 260 |
|
|
|a Bonn
|b Kulturstiftung der deutschen Vertriebenen
|c 1996
|
| 300 |
|
|
|a 313 s.
|c 24 cm
|
| 490 |
1 |
|
|a Minderheitenschutz im östlichen Europa
|v Bd. 5
|
| 650 |
0 |
7 |
|a Juhoslávia pozri aj Balkán
|2 SNK
|9 517657
|
| 651 |
|
7 |
|a Balkán (štáty bývalej Juhoslávie)
|x menšiny národnostné
|x ochrana
|y stor. 20. (r. 90.)
|x štúdie
|2 SNK
|9 517658
|
| 830 |
|
0 |
|a Minderheitenschutz im östlichen Europa
|9 452593
|
| 919 |
|
|
|a 3-88557-138-2
|
| 999 |
|
|
|c 797335
|d 799265
|
| 952 |
|
|
|t P60, <04>, [BOOK], {604}
|a SNK
|b SNK
|y VYP
|7 0
|p 17A0013638
|o snkIC 126105
|i snkV 1885/96
|0 0
|1 0
|4 0
|d 1996-10-16
|l 0
|r 2005-01-01 00:00:00
|w 2026-02-24
|